000 00829nam a2200253 u 4500
005 20240228063605.0
008 180925s2005 es r 000 0 spa d
020 _a8478649808 (10 dígitos)
020 _a9788478649808 (13 dígitos)
035 _aUPN01000226853
049 _aI
050 4 _aPZ76.3
_bG3.28
100 1 _aGanges, Montse
_931017
245 1 0 _aCúper :
_bperro volador /
_cMontse Ganges, Emilio Urberuaga.
260 _aBarcelona, Esp. :
_bCombel,
_c2005.
300 _a[24] p. :
_bprincipalmente il. col.
440 0 _aPide a Cúper y no te dirán que no
650 4 _aPerros
_vLiteratura infantil
_98585
650 0 _aHistorias de aventuras
_94131
650 7 _aLibros ilustrados para niños
_2
_921365
700 1 _aUrberuaga, Emilio,
_d1954-
_ecoaut.
_931015
905 _aInfantil
999 _c198949
_d198949